Most Roller Coasters Quiz Stats

 Plays Quiz Updated Mar 29, 2019

Score 0/12 Timer 05:00
0 Plays Today
# of Roller Coasters Park % Correct
17Cedar Point
72.8%
13Europa-Park
51.9%
15Kings Island
35.8%
13Six Flags Over Texas
32.8%
13Six Flags Great Adventure
31.4%
19Six Flags Magic Mountain
29.7%
13Kings Dominion
26.1%
14Six Flags Great America
25.8%
13Hersheypark
15%
13Carowinds
15%
16Canada's Wonderland
13.6%
13Wurstelprater
4.7%

You're not logged in!

Compare scores with friends on all Sporcle quizzes.
OR
Log In

Sporcle TV

Today on Sporcle TV


Watch our educational content, quiz creation guides, and fun videos on Sporcle TV.

Show Comments

Extras

Top Quizzes Today


Score Distribution

Your Account Isn't Verified!

In order to create a playlist on Sporcle, you need to verify the email address you used during registration. Go to your Sporcle Settings to finish the process.

Report this User

Report this user for behavior that violates our Community Guidelines.

Details: